00329nam a2200133Ia 4500008004100000100003000041245004300071250001300114260002400127300000800151650001200159942000700171999001700178190216s9999||||xx |||||||||||||| ||und|| aRajam. J.B And Arora. C.L 2aA Text Book Of Heat And Thermodynamics a10th Ed. bS. Chand & Coc1984 a641 aPhysics cBK c32975d32975